|
|
|
|
| LEADER |
00000naa a2200000uu 4500 |
| 001 |
vtls011081008 |
| 003 |
SK-MaSNL |
| 005 |
20260302134645.0 |
| 008 |
210909|1995 xo |||||||||||||||||slo| |
| 015 |
|
|
|a SNBRA
|
| 035 |
|
|
|a (urnnbn)urn:nbn:sk:snk:ar-a0cii0
|
| 035 |
|
|
|a (uuid)8b5804de-8e22-4918-b4fd-afbee4065626
|
| 035 |
|
|
|a urn:nbn:sk:snk-aavohw
|
| 040 |
|
|
|a SNKBUCL
|b slo
|c SNKBUCL
|e AACR2
|
| 041 |
0 |
|
|a slo
|
| 044 |
|
|
|a xo
|c SK
|
| 100 |
1 |
|
|a Goliašová, Kornélia,
|d 1947-
|4 aut
|9 36967
|
| 245 |
1 |
0 |
|a FLÓRA SLOVENSKA - SÚČASNÝ STAV SPRACOVANIA
|c Kornélia Goliašová
|
| 773 |
0 |
|
|t Diverzita rastlinstva Slovenska
|d Bratislava : Slovenská botanická spoločnosť pri SAV, 1995
|g S. [66]-68
|z 8096729209
|
| 958 |
|
|
|a OND
|
| 958 |
|
|
|a article12
|
| 958 |
|
|
|a chapter
|
| 999 |
|
|
|c 1323113
|d 1325043
|